000 00518ntaaa2200181 4500
003 01
005 20251027201556.0
008 0714s1973 ag 01
040 _aAR-BaBN
_bspa
_cAR-BaBN
_eaacr
_dRIC
082 _a230.0000 G54
100 _aGodsey, John D.
_914382
245 _aKarl Barth's Table Talk
250 _a1 ed. :
_bJ. Knox Press,
_c1962
300 _aix, 99 p.
500 _aa series of discussions held by K. Barth for English-speaking students between 1953 and 1956
650 _aTeologĂ­a
942 _cBK
999 _c10340
_d10340